[Event "CD Meyer Gedenkturnier 2020"]
[Site "Bremen"]
[Date "2020.10.15"]
[Round "6.8"]
[White "Pajeken, Jakob Leon"]
[Black "Rafiee, Makan"]
[Result "*"]
[WhiteElo "2332"]
[BlackElo "2336"]
[Annotator "TA"]
[PlyCount "57"]
[EventDate "2020.10.10"]
[EventType "swiss"]
[EventCountry "GER"]
[SourceTitle "playchess.com"]
[Source "ChessBase"]
[SourceQuality "1"]

{[%evp 18,57,35,23,22,22,31,0,0,0,6,-33,0,-105,0,0,0,-98,-85,-96,-80,-93,-81,-89,-8,-114,-98,-102,-72,-70,-31,-21,-43,-62,-46,-68,0,0,123,127,116,123]} 1. d4 Nf6 2. Nf3 c5 3. d5 g6 4. Nc3 Bg7 5. e4 d6 6. Bb5+ Bd7 7. a4 O-O 8. h3 Bxb5 9. axb5 Nbd7 10. O-O Ne8 {A43: Schmid Benoni.} 11. Qe2 Nc7 12. Bf4 Nb6 {The position is equal.} 13. Rfd1 Qd7 14. e5 Rfd8 {[#]} 15. Qe4 $146 (15. Kh1 $11) ({Predecessor:} 15. Bg3 Qe8 16. Rd2 c4 17. Ra5 Qf8 18. Ra1 Qe8 19. Ra5 Qd7 20. Qe4 Qc8 21. Ra1 Qd7 22. Ra5 Qc8 23. Ra1 {½-½ (23) Kosic,D (2480)-Ivanisevic,I (2649) Kragujevac 2013}) 15... Qe8 ({Better is} 15... Nxb5 $17 16. e6 Nxc3 17. exf7+ Kxf7 18. bxc3 Qf5) 16. Ra5 f6 17. Be3 (17. exd6 $11 exd6 18. Qxe8+ Nxe8 19. Rda1) 17... f5 18. Qh4 dxe5 ({Much worse is} 18... Bxe5 $6 19. Nxe5 dxe5 20. Bxc5 $11) 19. Bxc5 {aiming for Rxa7!} Nbxd5 20. Nxd5 Nxd5 ({Black should play} 20... Rxd5 $17 21. Rxd5 Nxd5) 21. Qc4 (21. Ng5 $1 $11 h6 22. Ne6) 21... e6 $17 {Threatens to win with ...b6.} 22. Rxa7 Rxa7 23. Bxa7 Nf4 24. Rxd8 Qxd8 25. Be3 Nd5 $1 26. Bd2 h6 ({Black should try} 26... e4 $15 27. Nd4 Kf7) 27. Bc3 $11 Qb8 {[#]} (27... Qd6 $11 {remains equal.}) 28. Bxe5 $1 $16 {[%mdl 512]} Bxe5 29. Qe2 {Av CentiPawn Loss W=-22/B=-28. Weighted=-21/-31} *

[Event "CD Meyer Gedenkturnier 2020"]
[Site "Bremen"]
[Date "2020.10.15"]
[Round "6.9"]
[White "Colbow, Collin"]
[Black "Kardoeus, David"]
[Result "*"]
[WhiteElo "2247"]
[BlackElo "2172"]
[Annotator "TA"]
[PlyCount "63"]
[EventDate "2020.10.10"]
[EventType "swiss"]
[EventCountry "GER"]
[SourceTitle "playchess.com"]
[Source "ChessBase"]
[SourceQuality "1"]

{[%evp 24,63,15,18,88,91,105,110,104,100,208,225,260,231,291,286,283,286,283,226,236,220,218,230,234,232,223,206,217,223,249,245,239,170,320,148,150,148,156,151,135,138]} 1. e4 c5 2. Nf3 Nc6 3. d4 cxd4 4. Nxd4 Nf6 5. Nc3 {[%cal Bb1c3,Bc3d5,Bd5e3,Be3f5][%mdl 32]} e5 6. Ndb5 d6 7. Bg5 a6 8. Na3 b5 9. Bxf6 gxf6 10. Nd5 f5 11. g3 Bg7 12. Bg2 fxe4 {12...0-0 gains popularity.} 13. Bxe4 {Threatens to win with Nf6+!} O-O {B33: Sicilian: Pelikan and Sveshnikov Variations.} (13... Be6 $11) 14. Ne3 $16 (14. Qh5 f5 $17) 14... Qc7 15. Qh5 {[%csl Ge4][%cal Rh5h7] [#]} f5 {White is better.} 16. Nxf5 {[#]} Bf6 $146 (16... Bxf5 $16 {was called for.} 17. Bxf5 h6) ({Predecessor:} 16... Bxf5 17. Bxf5 Rxf5 18. Qxf5 Nd4 19. Qe4 Rf8 20. c3 Qf7 21. O-O d5 22. Qg2 Nf3+ {1-0 (34) Bargel,M (2119)-Ptacek,T (2122) Czech Republic 2015}) 17. Rd1 Ra7 18. c3 (18. Rxd6 Bxf5 19. Bd5+ Kh8 $15) 18... b4 19. Nc4 bxc3 20. bxc3 (20. Rxd6 $6 Nb4 $18) 20... Na5 21. Bd5+ (21. Nfxd6 Nxc4 22. Bd5+ Kg7 $16) 21... Kh8 22. Nfxd6 Nxc4 23. Bxc4 ({Don't play} 23. Nxc4 $6 Bd7 $16) 23... Qg7 {[#] aiming for ...Bg4.} 24. Nxc8 Rxc8 25. Be6 Rf8 26. O-O e4 27. c4 Re7 28. Qg4 Bg5 (28... Bc3 {was worth a try.} 29. Rd5 (29. Qxe4 Rfe8 $11) 29... Qg6) 29. Rde1 (29. Qxe4 $18 {f4 is the strong threat.} Qg6 30. Rfe1) 29... e3 {White is clearly better.} 30. fxe3 Bxe3+ 31. Kg2 ({And not} 31. Rxe3 Rxf1+ 32. Kxf1 Qxg4 $17 {[%mdl 64] Pin}) 31... Rxf1 32. Rxf1 {Av CentiPawn Loss W=-17/B=-23. Weighted=-24/-33} *

[Event "CD Meyer Gedenkturnier 2020"]
[Site "Bremen"]
[Date "2020.10.15"]
[Round "6.10"]
[White "Papp, Sarah"]
[Black "Lubbe, Nikolas"]
[Result "1-0"]
[WhiteElo "2327"]
[BlackElo "2443"]
[Annotator "TA"]
[PlyCount "183"]
[EventDate "2020.10.10"]
[EventType "swiss"]
[EventCountry "GER"]
[SourceTitle "playchess.com"]
[Source "ChessBase"]
[SourceQuality "1"]

{[%evp 24,183,28,3,4,3,2,0,18,4,2,0,-3,-8,-22,-12,-6,-20,-24,-16,0,0,0,-10,-23,-25,-9,-16,77,69,118,0,39,-25,20,11,133,144,112,0,137,120,216,219,215,229,204,226,227,226,235,221,226,222,218,231,235,230,234,235,233,233,243,238,321,295,302,294,319,311,345,350,443,438,429,398,687,289,276,289,289,289,266,274,516,512,791,791,770,737,1000,758,745,722,695,669,616,584,2143,2072,1575,1581,29959,29960,29957,29956,29958,29960,29980,29970,29970,29971,29970,29964,29962,29963,29968,29963,29963,29964,29976,29971,29977,8,8,0,29973,29966,29967,29955,29955,29954,29967,29966,29968,29971,29971,29970,29970,29971,29973,29969,29974,29975,29974,29975,29975,29976,29980,29981,29978,29978,29983,29977,29980,29979,29981,29982,29986,29985,29991,29992]} 1. e4 e5 2. Nf3 Nc6 3. Bb5 a6 4. Ba4 Nf6 5. O-O Be7 6. Re1 b5 7. Bb3 d6 8. c3 O-O 9. h3 Nb8 10. d4 Nbd7 11. Nbd2 Bb7 12. Bc2 c5 13. Nf1 cxd4 {outshines the older 13...Re8. C95: Closed Ruy Lopez: Breyer Variation with 10 d4.} 14. cxd4 exd4 15. Nxd4 Re8 {The position is equal.} 16. Nf5 Bf8 17. N1g3 d5 18. exd5 Rxe1+ 19. Qxe1 Rc8 {[#]} 20. Bd1 $146 ({Predecessor:} 20. Bd3 Nc5 21. Bf1 Qxd5 22. Be3 Nce4 23. Qd1 Nxg3 24. Nxg3 g6 25. Ne2 Bg7 26. Nc3 Qxd1 27. Rxd1 {½-½ (55) Klovans,J (2448)-Sulskis,S (2525) Tallinn 2007}) 20... Nxd5 21. Bf3 Nc5 22. Bd2 Nd3 23. Qb1 Ne5 24. Be4 Nc4 25. Qd1 Rc7 (25... Nxb2 $6 26. Nh6+ $1 {[%mdl 512]} gxh6 27. Qg4+ Kh8 28. Qf5 $1 $16 {[%mdl 512]}) (25... Nxd2 $11 26. Qxd2 Rc7) 26. Bc3 $1 $16 f6 27. Nh4 ({White should play} 27. b3 $16 Ncb6 28. Ba5) 27... Qd7 28. Bf5 (28. Qd3 $14 g6 29. Rd1) 28... Qc6 29. Qg4 {Threatens to win with Be6+.} Nxc3 (29... Nd6 $11) 30. Be6+ $1 Rf7 {...Nd5 is the strong threat.} ({Stronger than} 30... Kh8 31. Ng6+ $1 {[%mdl 512]} hxg6 32. Qh4#) 31. Ngf5 (31. bxc3 $16 {Black must now prevent Ngf5.} Ne5 32. Qf5) 31... g6 (31... g5 $1 $11 {remains equal.}) 32. Nxg6 $1 $40 {[%mdl 128] White goes for the king.} Ne2+ (32... Qxg2+ $16 {keeps fighting.} 33. Qxg2 Bxg2 34. Nge7+ Bxe7) 33. Kh2 $18 {Intending Nge7+! and mate.} Qxg2+ 34. Qxg2 Bxg2 35. Nge7+ Bxe7 36. Nxe7+ Kf8 37. Bxf7 Kxf7 38. Kxg2 {[%mdl 4096] Endgame KRN-KNN} Nf4+ 39. Kg3 Nd3 40. Nd5 Ncxb2 41. Nc7 Nc5 42. Re1 b4 43. Nd5 a5 44. Re7+ Kg6 45. Ra7 Nc4 46. Rc7 Nd6 47. Ne7+ ({Don't play} 47. Nf4+ Kh6) 47... Kh6 48. Kg4 (48. Ng8+ Kg6 $18) 48... Nd3 49. f4 a4 $2 (49... Nf2+ 50. Kf3 Nxh3) 50. Rd7 (50. Nf5+ $142 Nxf5 51. Kxf5) 50... Nf2+ 51. Kh4 Nfe4 52. f5 {[%cal Re7g8]} Nf7 53. Rd4 Nc3 $2 (53... Nfg5 {is a better defense.} 54. Kg4 (54. Rxb4 Nf3+ 55. Kg4 Ne5+ 56. Kh4 Nf3+ 57. Kg4 Ne5+ 58. Kh4 Nf3+ $11) 54... b3) 54. Rxb4 Nxa2 (54... Ne5 $142 55. Rb7 Nf3+ 56. Kg3 Ne5) 55. Rg4 {[%cal Re7g8]} Ng5 56. Nd5 Nf3+ 57. Kg3 Ne5 58. Rxa4 Nc1 59. Nxf6 Kg5 60. Ng4 Ne2+ 61. Kf2 Nc3 62. Ra3 Ne4+ 63. Ke3 $1 {[%cal Re3e4]} Nc4+ 64. Kxe4 Nxa3 {[#] KN-KN} 65. Ke5 $1 h5 66. Nf2 Nb5 67. Ne4+ Kh6 68. Ke6 Nd4+ {[#]} 69. Kf6 $1 h4 70. Nf2 Kh5 71. Nd3 Nf3 72. Nf4+ Kh6 73. Ng2 $2 (73. Ne6 {mates} Nd2 74. Ke7 Nf3 75. f6 Ne5 76. f7 Ng6+ 77. Kf6 Kh7 78. f8=Q) 73... Ng5 $11 74. Nf4 {aiming for Ke7.} Nh7+ $2 {[%mdl 8192] Black is on the road to losing.} (74... Nf3 $11 75. Ne6 Nd2) 75. Ke5 {White mates.} Kg7 76. Ne6+ Kf7 77. Kf4 Kf6 78. Nc5 Nf8 79. Ne4+ Kg7 80. Kg4 Nd7 81. Kxh4 Ne5 82. Kg5 Kf7 83. h4 Nf3+ 84. Kg4 Ne5+ 85. Kf4 Nd3+ 86. Kg5 Ne5 87. h5 Kg7 88. h6+ Kh7 89. Nf6+ Kh8 90. Ng4 Nf7+ 91. Kg6 Nd8 92. Ne5 {Av CentiPawn Loss W=-28/B=-52. Weighted=-25/-51} 1-0

[Event "CD Meyer Gedenkturnier 2020"]
[Site "Bremen"]
[Date "2020.10.15"]
[Round "6.11"]
[White "Coll Ortega, Jordi"]
[Black "Steffens, Olaf"]
[Result "1-0"]
[WhiteElo "2268"]
[BlackElo "2171"]
[Annotator "TA"]
[PlyCount "61"]
[EventDate "2020.10.10"]
[EventType "swiss"]
[EventCountry "GER"]
[SourceTitle "playchess.com"]
[Source "ChessBase"]
[SourceQuality "1"]

{[%evp 9,60,38,35,37,31,30,50,20,51,-25,-34,-47,-55,-56,0,0,0,0,0,0,0,0,0,0,41,49,151,151,152,147,564,593,592,577,805,620,869,837,4096,2031,5473,5174,5166,5166,5059,5047,29987,29988,29988,29989,29995,29996,29999]} 1. e4 a6 2. d4 b5 3. f4 Bb7 4. Bd3 e6 5. Nf3 c5 6. c3 {B00: Queen's Fianchetto Defence, Nimzowitsch Defence.} Nf6 7. Qe2 Be7 {[#]} 8. a4 $146 {White is slightly better.} ({Predecessor:} 8. O-O O-O 9. e5 Nd5 10. Ng5 f5 11. Qh5 h6 12. Nd2 hxg5 13. fxg5 Bxg5 14. Nf3 Bxc1 15. Nh4 Nf4 {0-1 (15) Mazauric,J (1797)-Sabuz Forneiro,M (1615) Prague 2016}) 8... Nc6 9. axb5 ({Better is} 9. dxc5 $1 $14 Bxc5 10. Nbd2 (10. axb5 axb5 11. Rxa8 Qxa8 $11)) 9... axb5 $11 10. Rxa8 Qxa8 11. Na3 cxd4 (11... c4 $15 12. Bc2 Qa5) 12. Nxb5 {Black must now prevent Nc7+.} O-O 13. e5 ({Much worse is} 13. cxd4 Nb4 $17) 13... Nd5 14. Nbxd4 Nxd4 15. Nxd4 Bh4+ 16. g3 {Threatens to win with Qh5.} Nxf4 17. Bxf4 $40 {[%mdl 128] aiming for 0-0. White is up to no good.} Qa1+ (17... Bxh1 $14 18. gxh4 Qa1+ 19. Kf2 f6) 18. Qd1 $16 Qxb2 19. Rf1 Qxh2 $2 {[%mdl 8192] This move loses the game for Black.} (19... Qxc3+ $16 {is a better chance.} 20. Qd2 Qxd2+ 21. Kxd2 Be7) 20. gxh4 $18 Qxh4+ 21. Kd2 f6 {Now ...fxe5 and Black clings on.} 22. Qe1 Qh5 23. exf6 gxf6 24. Qg3+ Kf7 25. Rg1 Ke8 26. Bd6 Qh6+ 27. Kc2 {White wants to mate with Nxe6!} Rh8 {[#]} 28. Qg7 $1 {White mates.} Qxg7 29. Rxg7 h5 {[#]} 30. Nxe6 $1 {[%cal Rd3g6][%mdl 64] Pin} h4 (30... dxe6 31. Bb5+) 31. Re7# {Av CentiPawn Loss W=43/B=-160. Weighted=39/-131} 1-0

[Event "CD Meyer Gedenkturnier 2020"]
[Site "Bremen"]
[Date "2020.10.16"]
[Round "7.1"]
[White "Papp, Gabor"]
[Black "Donchenko, Alexander"]
[Result "1-0"]
[WhiteElo "2602"]
[BlackElo "2658"]
[Annotator "TA"]
[PlyCount "57"]
[EventDate "2020.10.10"]
[EventType "swiss"]
[EventCountry "GER"]
[SourceTitle "playchess.com"]
[Source "ChessBase"]
[SourceQuality "1"]

{[%evp 11,57,14,25,27,37,20,38,22,22,22,22,22,22,14,23,23,23,22,64,68,52,60,258,256,233,231,262,270,273,258,275,268,274,267,542,535,541,527,952,908,2203,1642,12837,12836,12831,8068,12837,6153]} 1. e4 c5 2. Nf3 d6 3. d4 cxd4 4. Nxd4 Nf6 5. Nc3 a6 6. h3 g6 7. g4 {B90: Sicilian Najdorf: Unusual White 6th moves, 6 Be3 Ng4 and 6 Be3 e5.} Nc6 8. Bg2 Bg7 9. Nxc6 {White is slightly better.} bxc6 10. e5 Nd5 11. Nxd5 cxd5 {[#]} 12. exd6 $146 ({Predecessor:} 12. Bxd5 Rb8 13. Bc6+ Bd7 14. Bxd7+ Qxd7 15. exd6 Bxb2 16. Bxb2 Qe6+ 17. Kf1 Rxb2 18. Qd4 {1-0 (49) Schulz,L (2293)-Michalowski,P (2106) Magdeburg 2020}) 12... e6 13. c4 Qxd6 14. cxd5 Qb4+ 15. Bd2 $1 {[%cal Rd2b4]} Qxb2 16. O-O $36 {[%mdl 2048] White has the initiative.} O-O $2 {[#] This costs Black the game.} (16... Qxa1 $14 17. Qc2 Qd4 18. dxe6 O-O 19. exf7+ Kh8) 17. Rb1 $18 Qxa2 18. d6 Bd7 19. Bxa8 Rxa8 20. Qf3 Rf8 21. Bg5 f6 22. Be3 e5 $2 (22... Bb5 {was worth a try.} 23. Rfc1 Qd5 24. Qxd5 exd5) 23. Rb7 {White is clearly winning.} Qe6 24. Rc1 Rf7 25. Rb8+ Rf8 26. Qb7 h5 {[#]} 27. Rc7 $1 Rxb8 28. Qxb8+ Kh7 29. Qb7 {Av CentiPawn Loss W=-116/B=-181. Weighted=-82/-195} (29. Qa7 $142 Qxd6 30. Rxd7) 1-0

[Event "CD Meyer Gedenkturnier 2020"]
[Site "Bremen"]
[Date "2020.10.16"]
[Round "7.2"]
[White "Edouard, Romain"]
[Black "Koellner, Ruben Gideon"]
[Result "1/2-1/2"]
[WhiteElo "2645"]
[BlackElo "2337"]
[Annotator "TA"]
[PlyCount "68"]
[EventDate "2020.10.10"]
[EventType "swiss"]
[EventCountry "GER"]
[SourceTitle "playchess.com"]
[Source "ChessBase"]
[SourceQuality "1"]

{[%evp 9,68,37,49,44,54,53,56,46,73,62,83,72,90,86,100,92,91,92,124,77,77,50,56,52,82,94,77,18,18,11,22,17,44,51,243,230,247,234,350,355,335,320,395,382,556,569,572,563,580,548,499,487,450,-1062,-13,-13,-14,-14,-15,-14,-16]} 1. d4 d6 2. Nf3 Nf6 3. c4 g6 4. Nc3 Bf5 5. h3 Bg7 6. g4 {E61: King's Indian: Early deviations for White, including Smyslov System.} Bd7 7. e4 O-O 8. Be3 {White is slightly better.} Na6 9. Bg2 c5 10. O-O cxd4 11. Nxd4 Rc8 12. b3 {[%cal Bb2b3,Bb3b4][%mdl 32]} Nc5 {[#]} 13. Rc1 $146 ({Predecessor:} 13. f4 e5 14. fxe5 dxe5 15. Ndb5 Bxb5 16. Nxb5 Ne6 17. Nxa7 Ra8 18. Nb5 {1-0 (66) Sargissian,G (2667)-Petenyi,T (2455) Legnica 2013}) 13... a6 14. b4 Ne6 15. Nd5 Nxd4 16. Bxd4 e5 {White must now prevent ...Nxd5.} 17. Bb6 Qe8 18. Be3 ({White should try} 18. Nc7 $1 $16 {[%cal Rc7e8]} Qd8 19. Qxd6) 18... Nxd5 $11 19. exd5 f5 20. gxf5 Rxf5 21. c5 Rh5 $2 {[#]} ({Better is} 21... Kh8 $14) 22. c6 $1 $18 {[%cal Rc6d7][%mdl 512]} bxc6 23. dxc6 {[%mdl 64] Discovered Attack} Bxh3 (23... Be6 {was worth a try.} 24. Qxd6 Bf8) 24. Bxh3 ({Weaker is} 24. Qxd6 Bf8 $16) 24... Rxh3 25. Qd5+ ({Not} 25. Qxd6 Bf8 $18) 25... Kh8 26. Qxd6 Rh4 (26... Rf3 $142 27. Rfd1 Rf7) 27. Rfd1 h5 28. c7 Kh7 29. Qc6 Qf8 30. Rd7 {Hoping for Qd5.} Qf5 {Strongly threatening ...Qh3.} 31. Rcd1 $4 {[%mdl 8192] [#]} (31. Kf1 $18) 31... Qg4+ $2 ({Black should play} 31... Rxc7 $1 $19 {[%mdl 512]} 32. Rxg7+ (32. Qxc7 Qg4+) 32... Rxg7) 32. Qg2 $1 $11 {f3 is the strong threat.The position is equal.} Rxc7 33. Qxg4 Rxg4+ 34. Kf1 Rxd7 {Av CentiPawn Loss W=-43/B=-59. Weighted=-95/-54} 1/2-1/2

[Event "CD Meyer Gedenkturnier 2020"]
[Site "Bremen"]
[Date "2020.10.16"]
[Round "7.3"]
[White "Johansson, Linus"]
[Black "Kollars, Dmitrij"]
[Result "0-1"]
[WhiteElo "2492"]
[BlackElo "2588"]
[Annotator "TA"]
[PlyCount "111"]
[EventDate "2020.10.10"]
[EventType "swiss"]
[EventCountry "GER"]
[SourceTitle "playchess.com"]
[Source "ChessBase"]
[SourceQuality "1"]

{[%evp 21,111,0,0,0,8,0,9,0,0,-24,-22,-22,-15,-26,-27,-18,-38,-19,-28,-20,-27,-21,-28,-22,-24,-22,-23,-25,-28,-37,-32,-37,-21,-150,-137,-135,-80,-120,-76,-147,-146,-258,-256,-314,-313,-319,-297,-300,-309,-285,-345,-345,-346,-366,-345,-398,-417,-497,-475,-535,-507,-551,-543,-531,-349,-349,-349,-343,-337,-309,-254,-401,-387,-354,-229,-655,-637,-629,-607,-595,-545,-856,-835,-881,-830,-3530,-2691,-2159,-2149,-2032,-1764,-1860]} 1. d4 d5 2. c4 c6 3. Nf3 Nf6 4. cxd5 cxd5 5. Nc3 Nc6 6. Bf4 Bf5 7. e3 e6 8. Bd3 Bxd3 9. Qxd3 Be7 10. h3 O-O 11. O-O Rc8 12. Rfc1 {D14: Slav Defence: Exchange variation with ...Bf5.} a6 13. Na4 Nd7 {[#]} 14. a3 $146 {The position is equal.} ({Predecessor:} 14. Qe2 Qa5 15. Nc3 Na7 16. a3 Nb5 17. Nxb5 axb5 18. Qe1 Qa4 19. Rxc8 Rxc8 20. Rc1 Rxc1 21. Qxc1 {1-0 (46) Costachi,M (2430)-Yilmaz,M (2621) Graz 2017}) 14... b5 15. Nc5 e5 16. Nxd7 e4 {[%mdl 64] Double Attack} 17. Qd1 Qxd7 18. Ne5 Nxe5 19. Bxe5 a5 20. a4 bxa4 21. Rxc8 Rxc8 22. Rxa4 f6 23. Bg3 Bb4 24. Ra1 Qc6 25. Qg4 g6 26. h4 Kf7 27. Bf4 {[#]} (27. h5 $11) 27... h5 $1 $17 {[%cal Rh5g4]} 28. Qg3 Qe6 (28... Qc2 $142 29. Rf1 Qxb2) 29. b3 Qg4 30. Qh2 (30. Qxg4 $142 hxg4 31. Ra2) 30... Rc6 31. Rf1 {[#]} (31. Bb8 $17 {was necessary.}) 31... Qe2 $1 $19 {[%cal Re2f1] ( -> ...Qxf1+!)} 32. f3 Bd2 33. Qg3 Bxe3+ 34. Bxe3 Qxe3+ {[%mdl 4160] Endgame Double Attack. KQR-KQR} 35. Qf2 Qxb3 {And now ...e3 would win.} 36. fxe4 dxe4 37. Qf4 Qd5 38. Rd1 Kg7 39. Qb8 Rd6 40. Kh1 Rd8 41. Qf4 Rd7 42. Re1 Qxd4 {Strongly threatening ...f5.} 43. Rxe4 Qd1+ 44. Kh2 Qd6 45. Qxd6 Rxd6 {KR-KR} 46. Re7+ (46. Ra4 {only move.}) 46... Kf8 47. Ra7 Rd4 48. Kg3 $2 (48. Rxa5 Rxh4+ 49. Kg1) 48... a4 {Black is clearly winning.} 49. Rb7 Ke8 50. Rg7 Rg4+ 51. Kh3 Kd8 52. Rf7 f5 53. g3 Kc8 54. Re7 Kb8 55. Rd7 a3 56. Rd8+ {Av CentiPawn Loss W=-43/B=-40. Weighted=-42/-36} 0-1

[Event "CD Meyer Gedenkturnier 2020"]
[Site "Bremen"]
[Date "2020.10.16"]
[Round "7.4"]
[White "Fier, Alexandr"]
[Black "Wachinger, Nikolas"]
[Result "0-1"]
[WhiteElo "2562"]
[BlackElo "2334"]
[Annotator "TA"]
[PlyCount "115"]
[EventDate "2020.10.10"]
[EventType "swiss"]
[EventCountry "GER"]
[SourceTitle "playchess.com"]
[Source "ChessBase"]
[SourceQuality "1"]

{[%evp 22,115,47,16,16,14,13,11,15,12,15,14,7,0,12,-16,0,-4,0,0,0,0,37,0,0,-43,-32,-67,-63,-91,-69,-68,-72,-112,-106,-181,-144,-172,-133,-228,-199,-233,-202,-275,-285,-347,-347,-336,-340,-439,-454,-443,-438,-681,-677,-648,-612,-1358,-1350,-1281,-1374,-1310,-1350,-1381,-1329,-1322,-1270,-1354,-1283,-1237,-1093,-1042,-1025,-889,-829,-1271,-1147,-1952,-1863,-2333,-2198,-2438,-2211,-6079,-6132,-5614,-5388,-29969,-29973,-29966,-6487,-29986,-29987,-29987,-29988,-29990]} 1. Nf3 d5 2. c4 e6 3. d4 Nf6 4. Nc3 Bb4 5. Qa4+ Nc6 6. e3 O-O 7. Qc2 dxc4 8. Bxc4 Bd6 9. O-O e5 10. h3 a6 11. a3 h6 12. Bd2 exd4 {E51: Nimzo-Indian: Rubinstein: 4...0-0 5 Nf3 d5.} 13. exd4 {[#]} Ne7 $146 ({Predecessor:} 13... b5 14. Ba2 Bb7 15. Rfe1 Ne7 16. Ne5 Ned5 17. Ne4 Re8 18. Nc5 Bxc5 19. dxc5 c6 20. Re2 {1-0 (41) Sarana,A (2656)-Volovich,V (2147) Lipetsk 2020}) 14. Rad1 Bf5 {The position is equal.} 15. Qc1 Ne4 16. Nxe4 Bxe4 17. Ne5 Bd5 18. f4 Bxc4 19. Qxc4 c6 20. f5 Nd5 $1 21. Qb3 Qh4 22. Be1 Qe4 {[#] And now ...Ne3! would win.} 23. Nc4 Bf4 {...b5 is the strong threat.} 24. Qd3 Rfe8 25. Bf2 Qxd3 $40 {[%mdl 128] Black is up to no good.} 26. Rxd3 Re2 {White is on the road to losing.} 27. b4 Rc2 28. Ne5 (28. Ne3 $17 Bxe3 29. Bxe3) 28... Re8 29. Re1 f6 30. Ng6 (30. Nd7 $17 {was worth a try.} Rxe1+ 31. Bxe1) 30... Rxe1+ $19 31. Bxe1 Ra2 32. Bg3 Bc1 33. Bd6 Rxa3 ({Not} 33... Bxa3 34. Ne7+ Nxe7 35. Bxe7 $19) 34. Rd1 Ra1 {[#] aiming for ...Be3+.} 35. Kh1 Bb2 36. Rxa1 Bxa1 {[%mdl 4096] Endgame KBN-KBN} 37. g4 (37. Kg1 $142 Bxd4+ 38. Kf1) 37... Bxd4 38. Kg2 Bc3 39. Ne7+ Nxe7 40. Bxe7 {KB-KB} a5 41. bxa5 Bxa5 42. Kf3 Kf7 43. Bd6 Bd8 44. Ke4 Be7 45. Bf4 Ke8 46. Be3 b5 {[%cal Bb7b5,Bb5b4,Bb4b3][%mdl 32]} 47. h4 Kd7 48. Kd4 Kc7 49. Bf4+ Kb6 50. Bd2 b4 51. Kc4 Ka5 52. Bc1 Ka4 53. Bb2 b3 54. g5 hxg5 55. hxg5 Ba3 56. gxf6 Bxb2 57. f7 Ba3 58. Kd4 {Av CentiPawn Loss W=-128/B=-48. Weighted=-120/-37} 0-1

[Event "CD Meyer Gedenkturnier 2020"]
[Site "Bremen"]
[Date "2020.10.16"]
[Round "7.5"]
[White "Schulze, Lara"]
[Black "Papp, Sarah"]
[Result "1/2-1/2"]
[WhiteElo "2314"]
[BlackElo "2327"]
[Annotator "ChessBase"]
[PlyCount "82"]
[EventDate "2020.10.10"]
[EventType "swiss"]
[EventCountry "GER"]
[SourceTitle "playchess.com"]
[Source "ChessBase"]
[SourceQuality "1"]

1. e4 c5 2. Nf3 d6 3. d4 cxd4 4. Nxd4 Nf6 5. Nc3 Bd7 6. Be2 e5 7. Ndb5 Bc6 8. Nd5 Bxd5 9. exd5 Be7 10. c4 a6 11. Nc3 O-O 12. O-O Nfd7 13. Rb1 f5 14. f3 a5 15. Kh1 Nc5 16. Be3 Nbd7 17. b3 Bg5 18. Bf2 Qf6 19. Qc2 Qh6 20. a3 Bf4 21. g3 Bg5 22. b4 axb4 23. axb4 Na6 24. Na4 Bd2 25. Nc3 Rac8 26. Rfd1 Bxc3 27. Qxc3 f4 28. Kg2 e4 29. Bd4 b5 30. g4 exf3+ 31. Qxf3 bxc4 32. Rdc1 Ne5 33. Bxe5 dxe5 34. Rxc4 Rxc4 35. Bxc4 Qd6 36. Bxa6 Qxa6 37. Re1 Qd6 38. b5 h6 39. Qe4 f3+ 40. Kf2 Qc5+ 41. Re3 Qxb5 1/2-1/2

[Event "CD Meyer Gedenkturnier 2020"]
[Site "Bremen"]
[Date "2020.10.16"]
[Round "7.6"]
[White "Zwirs, Nico"]
[Black "Grigorian, Spartak"]
[Result "0-1"]
[WhiteElo "2453"]
[BlackElo "2433"]
[Annotator "ChessBase"]
[PlyCount "130"]
[EventDate "2020.10.10"]
[EventType "swiss"]
[EventCountry "GER"]
[SourceTitle "playchess.com"]
[Source "ChessBase"]
[SourceQuality "1"]

1. e4 c6 2. d4 d5 3. e5 c5 4. dxc5 e6 5. Nf3 Bxc5 6. Bd3 Nc6 7. a3 Nge7 8. b4 Bb6 9. O-O Ng6 10. Re1 a5 11. b5 Ncxe5 12. Nxe5 Nxe5 13. Rxe5 Bd4 14. Re2 Bxa1 15. c3 d4 16. c4 O-O 17. Nd2 e5 18. Rxe5 Re8 19. Qh5 g6 20. Rxe8+ Qxe8 21. Qh6 Qe1+ 22. Nf1 Qe5 23. Bf4 Qg7 24. Qg5 Bf5 25. Bxf5 gxf5 26. Qxf5 Rd8 27. c5 Qg6 28. Qxg6+ fxg6 29. b6 Rf8 30. Be5 Rf5 31. f4 Rxe5 32. fxe5 d3 33. Kf2 Bd4+ 34. Kf3 Bxc5 35. a4 Kf7 36. Ke4 Ke6 37. Kxd3 Bxb6 38. Nd2 Bc7 39. Nf3 Kd5 40. e6 Kxe6 41. Ke4 Kf6 42. g4 h6 43. Kd5 Ke7 44. h3 Kf6 45. Kc5 Ke6 46. Kb5 Bd8 47. Kc5 Bf6 48. Nd2 Bc3 49. Nf3 Bf6 50. Nd2 h5 51. gxh5 gxh5 52. Kb6 Kf5 53. Kxb7 Kf4 54. Nc4 Bc3 55. Kb6 Kg3 56. Nxa5 Kxh3 57. Nc6 Kg3 58. a5 Bxa5+ 59. Kxa5 h4 60. Nd4 h3 61. Ne2+ Kf2 62. Nf4 h2 63. Nd3+ Ke3 64. Ne5 h1=Q 65. Ng4+ Kd4 0-1

[Event "CD Meyer Gedenkturnier 2020"]
[Site "Bremen"]
[Date "2020.10.16"]
[Round "7.7"]
[White "Pajeken, Jakob Leon"]
[Black "Reuker, Jari"]
[Result "0-1"]
[WhiteElo "2332"]
[BlackElo "2399"]
[Annotator "ChessBase"]
[PlyCount "72"]
[EventDate "2020.10.10"]
[EventType "swiss"]
[EventCountry "GER"]
[SourceTitle "playchess.com"]
[Source "ChessBase"]
[SourceQuality "1"]

1. d4 Nf6 2. Nf3 g6 3. g3 Bg7 4. Bg2 O-O 5. O-O d5 6. c4 Nc6 7. Na3 Bf5 8. cxd5 Nxd5 9. Nh4 Nb6 10. d5 Ne5 11. Nxf5 gxf5 12. Qb3 Qd7 13. Rd1 Rfd8 14. Be3 Ng4 15. Bf4 Na4 16. Rac1 Rac8 17. Nb5 Nxb2 18. Rd2 a6 19. Na7 Ra8 20. Rxc7 Qe8 21. Rxb7 Na4 22. Rc2 Bd4 23. Nc6 Bxf2+ 24. Kf1 Nc5 25. Rxc5 Bxc5 26. Qc3 Qxc6 27. Rc7 Rxd5 28. Bxd5 Qxd5 29. Qxc5 Qd1+ 30. Kg2 Qxe2+ 31. Kg1 Qe1+ 32. Kg2 Qe2+ 33. Kg1 Rd8 34. Rc8 Qxh2+ 35. Kf1 Qh1+ 36. Ke2 Qd1# 0-1